Particle size: Measurement interpretation, and application (Record no. 20633)

MARC details
000 -LEADER
fixed length control field 00329nam a2200121Ia 4500
082 ## - DEWEY DECIMAL CLASSIFICATION NUMBER
Classification number 539.12
Item number IRA
100 ## - MAIN ENTRY--AUTHOR NAME
Personal name Callis, Clayton F
245 #0 - TITLE STATEMENT
Title Particle size: Measurement interpretation, and application
260 ## - PUBLICATION, DISTRIBUTION, ETC. (IMPRINT)
Place of publication New York
Name of publisher John Wiley
Year of publication 1963
700 ## - ADDED ENTRY--PERSONAL NAME
Personal name Riyad
942 ## - ADDED ENTRY ELEMENTS (KOHA)
Koha item type Books
Holdings
Withdrawn status Lost status Damaged status Not for loan Home library Current library Date acquired Cost, normal purchase price Full call number Accession Number Koha item type
        RRII Library RRII Library 16/12/2021 7.50 539.12 IRA 01354 Books